| 000 | 00640nam a2200253Ia 4500 | ||
|---|---|---|---|
| 003 | IT-RoPAU | ||
| 005 | 20220918175902.0 | ||
| 008 | 120407s9999 xx 000 0 und d | ||
| 040 | _aIT-RoPAU | ||
| 040 | _cIT-RoPAU | ||
| 041 | _aita | ||
| 100 |
_aIgnazia Balla _916932 |
||
| 100 |
_csr _916933 |
||
| 245 | _aAppunti ed episodi riguardanti don Alberione e alcuni suoi insegnamenti in “Giacomo Alberione uomo dello Spirito” | ||
| 250 | _aRoma | ||
| 260 | _aSSP - UM | ||
| 260 | _c1983 | ||
| 300 | _a47 p. | ||
| 300 | _c23 cm | ||
| 490 | _aQuaderni di spiritualità,8 | ||
| 490 | _v1 | ||
| 942 |
_cBK _2ddc |
||
| 999 |
_c34951 _d34951 |
||